000 00705nam a2200289Ia 4500
005 20260324133538.0
008 008 260324s9999 xx 000 0 eng d
020 _a9781315841274
037 _aEBOOK
040 _aCRL
040 _beng
040 _cCRL
041 _2eng
041 _aeng
084 _qCRL
100 _aPhilip Hanson
_91193498
245 4 _aThe Rise and Fall of the The Soviet Economy
245 3 _bAn Economic History of the USSR 1945 - 1991
260 _bTaylor and Francis
260 _c2003
365 _a
365 _b230
856 _uhttp://www.taylorfrancis.com/books/9781315841274
942 _cEBOOK
999 _c1792637
_d1792637